[Event "Biel GM"]
[Site "Biel"]
[Date "2007.07.31"]
[Round "7"]
[White "Carlsen, Magnus"]
[Black "Pelletier, Yannick"]
[Result "0-1"]
[WhiteElo "2710"]
[BlackElo "2591"]
[Annotator "Pelletier,Yannick"]
[PlyCount "96"]
[EventDate "2007.07.23"]
[EventType "tourn"]
[EventRounds "9"]
[EventCountry "SUI"]
[EventCategory "18"]
[SourceTitle "CBM 120"]
[Source "ChessBase"]
[SourceDate "2007.10.02"]
[SourceVersion "1"]
[SourceVersionDate "2007.10.02"]
[SourceQuality "1"]

1. d4 Nf6 2. c4 e6 3. Nc3 Bb4 4. Qc2 O-O 5. a3 Bxc3+ 6. Qxc3 b6 7. Bg5 Bb7 8. e3 c5 9. dxc5 bxc5 10. Ne2 ({RR} 10. Nf3 a5 11. Bd3 d6 12. O-O {½-½ (12) Neverov,V (2583)-Aleksandrov,A (2650) Istanbul 2003}) ({RR} 10. Nf3 Nc6 11. Be2 Ne4 12. Bxd8 Nxc3 13. Bh4 Nxe2 14. Kxe2 Ba6 15. Nd2 Na5 16. Be7 Rfc8 17. Rac1 Rab8 18. b4 cxb4 19. axb4 Nxc4 20. Nxc4 Bxc4+ 21. Kf3 d5 22. Ra1 a6 23. Rhc1 f6 24. Kg3 Kf7 {Pesotskiy,M (2155)-Slade,T (2138) chess.com INT 2024 0-1 (89)}) 10... a5 $146 ({RR} 10... Nc6 11. Ng3 Qa5 12. Bxf6 gxf6 13. Qxa5 Nxa5 14. Nh5 Rfd8 15. O-O-O Kf8 16. Nxf6 Ke7 17. Nh5 Ba6 18. Nf4 Bxc4 19. Bxc4 Nxc4 20. Rhe1 Rab8 21. Re2 d5 22. Rc2 Na5 23. Kb1 c4 24. Ne2 Nb7 25. e4 {Kacheishvili,G (2583)-Carlsen,M (2072) Bad Wiessee 2001 1-0 (63)}) ({RR} 10... h6 11. Bxf6 Qxf6 12. Qxf6 gxf6 13. O-O-O Rd8 14. Nc3 f5 15. Rg1 Kf8 16. Be2 Nc6 17. g4 fxg4 18. Rxg4 Ne5 19. Rh4 Ba6 20. b3 Rab8 21. Kc2 Ke7 22. f4 Ng6 23. Rh5 d6 24. f5 Ne5 25. Rxh6 {Chabanon,J (2445)-Bacrot,E (2300) Cannes 1995 1-0 (43)}) 11. Bxf6 $6 ({Dieser Tausch war später unter besseren Bedingungen möglich. Nach} 11. f3 d6 12. O-O-O {sollte Schwarz} Ra6 {ziehen. Dies war die Idee hinter meinem 10. Zug: d6 muss gedeckt werden, damit auf Lxf6 wie in der Partie Dxf6 geschehen kann. Denselben Turmzug hätte ich auch nach dem sofortigen 11. 0-0-0 gespielt.}) 11... Qxf6 12. Qxf6 gxf6 13. O-O-O Rd8 14. Nc3 d6 (14... Kf8 $2 15. Na4) 15. Bd3 Kf8 {Schwarz braucht seinen König auf e7, um die Drohung 16. e4 xe4 17. xe4 zu entschärfen.} 16. Bxh7 ({Dieser Zug ist die Ursache der weissen Schwierigkeiten. Carlsen dachte lange nach und schätzte die Stellung als ausgeglichen ein. Deshalb versuchte er dieses originelle Figurenopfer. Nach} 16. Be4 Bxe4 17. Nxe4 Ke7 $11 {und}) (16. Rd2 Ke7 17. Rhd1 Ra6 18. f3 h6 $11 {hat Schwarz in der Tat keine Probleme.}) 16... f5 17. e4 Kg7 18. exf5 Kxh7 19. fxe6 fxe6 20. Rhe1 {Weiss gewinnt den e-Bauern zwangsläufig (20. ... e5? 21. xe5), wonach er 3 Bauern für die Figur besitzt. Zum Glück kann Schwarz g2 erobern, sodass die weissen Bauern ungefährlich sind.} Bxg2 21. Ne4 $2 ({Carlsen übersah einfach meinen 22. Zug! Sonst hätte er sich wohl mit} 21. Rxe6 Nc6 22. Rdxd6 Rxd6 23. Rxd6 {zufrieden gegeben. Schwarz kann in diesem Endspiel mittels} Rf8 (23... Rd8 24. Rxd8 Nxd8 $11) 24. Na4 Rf5 $15 {/= auf einen leichten Vorteil hoffen, aber das natürliche Ergebnis sollte natürlich Remis sein.}) 21... Bxe4 22. Rxe4 {( 23.g1, 24.h4)} Ra7 $1 {[%cal Ga7g7]} 23. Rxe6 Rad7 {Schwarz behält hiermit seinen Materialvorteil.} 24. Rd3 Nc6 25. Rh3+ Kg8 26. Rhh6 Ne5 27. f4 ({Ein tückischer Versuch, die restlichen schwarzen Bauern zu eliminieren, sei es zum Preis aller weissen Bauern.} 27. b3 Kg7 {verliert auf die Distanz.}) 27... Nxc4 28. b3 Nxa3 29. Rhg6+ (29. Reg6+ Rg7 30. Rxd6 Rxd6 31. Rxd6 Nb5 $1 $19) 29... Kh8 30. Rh6+ Kg8 31. Rhg6+ Kh8 32. Rh6+ Rh7 33. Rxd6 Rxd6 34. Rxd6 Rxh2 35. Ra6 (35. Rc6 Rc2+ 36. Kd1 Rc3 $19) 35... Nb5 36. Rxa5 Nd4 {Knapp scheitert die weisse Absicht. Der Bauer c5 ist wegen der Gabel auf b3 tabu.} 37. Kb1 (37. Ra8+ Kg7 38. Rb8 Kf6 39. b4 c4 40. Rc8 Rc2+ 41. Kd1 c3 42. b5 Rd2+ 43. Ke1 Re2+ 44. Kf1 c2 $19) (37. Ra3 Kg7 38. Kb1 Kf6) 37... Nxb3 38. Rb5 c4 {Wieder ist die schwarze Aufstellung perfekt: xc4 kann wegen d2+ nie geschehen.} 39. f5 Kg7 40. f6+ (40. Rb6 Rf2 41. Rb7+ Kf6 42. Rb6+ Ke5 $19) 40... Kxf6 41. Rf5+ {Carlsen versucht es noch mit einem Patttrick, aber der schwarz König entschwindet auf die 2. Reihe.} Ke6 42. Re5+ Kd6 43. Rd5+ Kc6 44. Rd6+ Kc5 45. Rc6+ Kd5 46. Rd6+ Ke4 47. Re6+ Kd3 48. Re3+ Kd2 0-1

[Event "Corus"]
[Site "Wijk aan Zee"]
[Date "2008.01.18"]
[Round "6"]
[White "Carlsen, Magnus"]
[Black "Polgar, Judit"]
[Result "1-0"]
[WhiteElo "2733"]
[BlackElo "2707"]
[PlyCount "103"]
[EventDate "2008.01.12"]
[EventType "tourn"]
[EventRounds "13"]
[EventCountry "NED"]
[EventCategory "20"]
[SourceTitle "CBM 122"]
[Source "ChessBase"]
[SourceDate "2008.01.30"]
[SourceVersion "1"]
[SourceVersionDate "2008.01.30"]
[SourceQuality "1"]

1. d4 Nf6 2. c4 e6 3. Nc3 Bb4 4. Qc2 d5 5. a3 Bxc3+ 6. Qxc3 Ne4 7. Qc2 c5 8. dxc5 Nc6 9. cxd5 exd5 10. e3 Qf6 11. f3 Qh4+ 12. g3 Nxg3 13. Qf2 Nf5 14. Qxh4 Nxh4 15. b4 a6 $146 ({RR} 15... a5 16. b5 Ne5 17. Kf2 O-O 18. Bb2 f6 19. Rd1 Be6 20. Ne2 Nexf3 21. Nf4 Bf7 22. Nxd5 Rfd8 23. e4 Ng5 24. Bd3 f5 25. Nb6 fxe4 26. Be2 Rf8 27. Nxa8 Bc4+ 28. Ke3 Ng2+ 29. Kd2 e3+ 30. Kc1 {Morozevich,A (2675)-Harikrishna,P (2737) Biel 2017 ½-½ (41)}) ({RR} 15... d4 16. b5 Na5 17. Rb1 dxe3 18. Bxe3 Be6 19. Kf2 Nf5 20. Bf4 Rc8 21. c6 bxc6 22. bxc6 Nxc6 23. Ba6 Rd8 24. Ne2 O-O 25. Rhc1 Nfd4 26. Nxd4 Nxd4 27. Rb4 Rd5 28. Bb7 a5 29. Rb6 Rd7 30. Rc7 {Shen,Y (2468)-Wang,J (2380) Hangzhou 2018 ½-½ (40)}) 16. Kf2 Ne5 17. Bb2 f6 18. Rd1 Be6 19. Ne2 Bf7 20. Rg1 Nc4 21. Bc1 g5 22. Nc3 O-O-O 23. e4 dxe4 24. Rxd8+ Rxd8 25. Nxe4 Kc7 26. Nxf6 h6 27. f4 Nd2 28. Be2 Nb3 29. Be3 Nd4 30. Bxd4 Rxd4 31. fxg5 Rf4+ 32. Ke1 hxg5 33. Nh7 Bd5 34. Nxg5 Kc6 35. Rf1 Rxf1+ 36. Bxf1 a5 37. Kd2 axb4 38. axb4 b6 39. cxb6 Kxb6 40. Bd3 Bc6 41. Kc3 Bd7 42. Be4 Bg4 43. Nf7 Bf3 44. Bd3 Bc6 45. Ne5 Bd5 46. Ng6 Ng2 47. Kd4 Bb7 48. h4 Bf3 49. Bf1 Ne1 50. Ne5 Nc2+ 51. Kc3 Be4 52. h5 1-0

[Event "Titled Tue 13th May Early"]
[Site "chess.com INT"]
[Date "2025.05.13"]
[Round "11"]
[White "Carlsen, M.."]
[Black "Pranav, V.."]
[Result "1-0"]
[WhiteElo "2837"]
[BlackElo "2621"]
[PlyCount "59"]
[EventDate "2025.05.13"]

1. d4 Nf6 2. c4 e6 3. Nc3 Bb4 4. Nf3 b6 5. e3 Bb7 6. Bd3 O-O 7. O-O Bxc3 8. bxc3 d6 9. Nd2 Nbd7 10. e4 e5 11. Re1 Re8 12. f3 Nf8 13. Nf1 Ne6 14. Bc2 Nh5 15. g3 $146 ({RR} 15. Be3 Nhf4 16. d5 Nc5 17. Bxf4 exf4 18. Qd2 Qf6 19. Qd4 Re5 20. Re2 Rae8 21. Rf2 Qh6 22. Qd2 Ba6 23. Bb3 Rh5 24. g4 Rhe5 25. Rd1 Bc8 26. Bc2 a5 27. Qe2 f5 28. h3 fxe4 29. fxe4 Nxe4 {Seegolam,A (1671)-Chinasamy,D (2088) Etang Sale 2006 0-1 (35)}) 15... g6 16. Ne3 Nf6 17. a4 a5 18. Ra2 Bc8 19. Bb1 Qe7 20. Nd5 Nxd5 21. cxd5 Ng5 22. h4 Nh3+ 23. Kg2 g5 24. hxg5 Nxg5 25. f4 exf4 26. gxf4 Nh3 27. Qh5 Kh8 28. f5 Ng5 29. Bxg5 Rg8 30. Qxh7+ 1-0

[Event "Moscow Aeroflot op-A"]
[Site "Moscow"]
[Date "2004.02.20"]
[Round "4"]
[White "Carlsen, Magnus"]
[Black "Shaposhnikov, Evgeny"]
[Result "1-0"]
[WhiteElo "2484"]
[BlackElo "2573"]
[Annotator "Golod,Vitali"]
[PlyCount "59"]
[EventDate "2004.02.17"]
[EventType "swiss"]
[EventRounds "9"]
[EventCountry "RUS"]
[SourceTitle "CBM 100"]
[Source "ChessBase"]
[SourceDate "2004.06.01"]
[SourceVersion "1"]
[SourceVersionDate "2004.06.01"]
[SourceQuality "1"]

1. d4 Nf6 2. c4 e6 3. Nc3 Bb4 4. Qc2 c5 5. dxc5 Bxc5 6. Nf3 Qb6 7. e3 a6 8. b3 Qc7 {Same position with rearrangement of moves also it is possible to receive,after 7...c7 8.b3 a6.} 9. Bb2 (9. g4 $5 {You can see my annotations to game: Bareev,E-Sakaev,K/Moscow,2001/CBM 86(1-0)(26)}) 9... b6 10. Be2 Bb7 11. g4 $5 {Typical move in this pawn structure.Besides White has several options:} (11. Rd1 $5 {You can see comments to Kiriakov,P-Tiviakov,S/Port Erin,1999/CBM 74(1-0)(Golod,V)(34)}) (11. h3 $6) ({and} 11. O-O) 11... Nxg4 $6 $146 {Honestly,I have to confess that accepting the pawn sacrifice is a very brave decision.However the game has shown a clear estimate...} ({The games,which have reached this position were continued as follows:} 11... h6 $5 12. Rg1 Nc6 13. O-O-O $5 (13. a3 Rc8 14. h4 h5 $5 $132 {Foisor,S-Hernandez,R/Balaguer,2003(0-1)(31)}) ({It deserves serious attention:} 13. h4 $5 d5 $1 (13... O-O-O $140 14. g5 hxg5 15. hxg5 Ne8 16. a3 $14 {[%cal Gb3b4,Ge1c1,Ga1d1] White has a clear advantage because of a bad position of e8}) (13... d6 $2 14. a3 {[%csl Rc5][%cal Gb3b4]}) 14. g5 hxg5 15. hxg5 Nd7 $1 (15... Nh5 $143 {[%cal Gh5g7]} 16. cxd5 Nb4 17. Qc1 $1 Nxd5 18. Nxd5 Bxd5 19. Ba3 {[%csl Rc7]} Bd6 20. Qxc7 Bxc7 21. Rc1 $14 {[%csl Rh5]}) 16. cxd5 Nb4 17. Qd1 $5 {[%csl Yd1,Ye2] Protecting the knight on f3.} (17. Qd2 Nxd5 18. Nxd5 Bxd5 19. Bxg7 Rh3 20. Nd4 Qh2 21. Rg4 $13) 17... Nxd5 18. Nxd5 Bxd5 19. Bxg7 Rg8 20. Bb2 Bb4+ 21. Kf1 Qb7 $44) 13... O-O-O 14. a3 (14. h4 $6 d5 $1 15. g5 (15. a3 dxc4 16. Bxc4 Rxd1+ 17. Nxd1 Na5 $15 {[%csl Rc2,Rf3][%cal Gb7e4]}) 15... hxg5 16. hxg5 Nb4 17. Qb1 Ne4 $15) 14... Be7 15. h4 d6 $13 {Margvelashvili,G-Zhumabaev,R/Halkidiki,2003(½-½)(81)}) 12. Rg1 {[%csl Rg4,Rg7]} Nxh2 (12... Ne5 $6 13. Nxe5 Qxe5 14. O-O-O $36 {[%csl Gb2,Re5,Gg1,Rg7][%cal Gc3d5]}) (12... f5 $5 {[%csl Rf2,Yf5][%cal Gg4f2,Yf5e4] The idea is to keep White's king in the center.} 13. h3 (13. Ng5 $4 Qxh2 $19) ({Not enough for equality is:} 13. a3 $2 O-O 14. Na4 Be7 15. Bd4 Nc6 $1 16. Bxb6 Qb8 $15 {[%csl Rb6]}) 13... Nh2 $6 (13... Ne5 $5) 14. Nd5 $3 (14. Nxh2 $143 Qxh2 15. Rxg7 Bf8 16. Rg3 (16. Rg5 Be7 17. Rg7 $11 (17. Na4 Bxg5 18. Bxh8 Qh1+ 19. Kd2 Qh2 $13)) 16... Bd6 17. Bh5+ Kd8 18. Rg7 Qh1+ 19. Kd2 Qxh3 $15) (14. Ng5 $143 {Similar continuation was in the game,but here the pawn on h2 remained on the board.} Nc6 15. Na4 Bb4+ 16. Bc3 Qe5 $1 17. Rh1 (17. O-O-O Bxc3 18. Qxc3 ({Dubious is:} 18. Nxc3 $2 {in view of:} Nb4 19. Qd2 Qxc3+ $1 20. Qxc3 Nxa2+ 21. Kb2 Nxc3 22. Kxc3 Bc6 $1 $17 (22... h6 $2 {Look's so trivial but also so bad...} 23. Nf7 $3 {[%csl Rb7,Rd7][%cal Gf7e5,Gd1d7]})) 18... Qxc3+ 19. Nxc3 Ne7 $15 {[%cal Yb7h1]}) 17... Bxc3+ (17... b5 $5) 18. Qxc3 Qxc3+ 19. Nxc3 Nd4 $1 20. Rxh2 Nc2+ 21. Kd2 Nxa1 22. Kc1 {[%csl Ra1] /}) 14... Bb4+ $5 {Calm reaction.} (14... Nxf3+ $143 15. Bxf3 Bb4+ {[%csl Rf3]} 16. Kf1 Bxd5 ({Also loses a game:} 16... exd5 17. Bxg7 Rf8 18. Bh5+ Kd8 19. Bxf8 Bxf8 20. Qxf5 $18 {[%csl Rd8,Rf8][%cal Gg1g8]}) 17. Bxd5 Nc6 (17... exd5 $2 18. Bxg7 Rg8 19. Qxf5 Qd6 20. Qxh7 Qe6 (20... Rxg7 21. Rxg7 Kd8 22. Rd1 $18) 21. cxd5 Qxd5 22. Rg5 $1 {[%csl Rg8][%cal Gh7g8]} Qf7 (22... Rxg7 23. Qxg7 $18) (22... Qxg5 23. Qxg8+ Ke7 24. Bf8+ Kf6 25. Qxg5+ Kxg5 26. Bxb4 $18) 23. Qe4+ Be7 24. Rc1 $1 {[%cal Gc1c8]} Nc6 25. Rxc6 Rxg7 26. Rxg7 Qxg7 27. Rg6 {[%csl Ra8,Rg7]} Qa1+ (27... d5 28. Qe6 {[%csl Re8,Rg7][%cal Ge6c6]} Qa1+ 29. Kg2 $18) 28. Kg2 Kf7 29. Rg4 $18 {[%csl Ra8,Rf7][%cal Ge4a8,Ge4g6,Gg6g8]}) 18. Rxg7 Be7 19. Bf3 O-O-O 20. Rd1 $16) ({Even worse is:} 14... exd5 15. Bxg7 Rg8 (15... dxc4 16. Bxh8 Nxf3+ 17. Bxf3 Bb4+ 18. Kf1 Bxf3 19. Qxf5 $18 {[%csl Re8,Rf3][%cal Gg1g8]}) 16. Qxf5 {[%csl Re8,Gg1][%cal Gf5h5,Gg7f6]} Qd6 (16... Bb4+ 17. Nd2 {[%cal Ge2h5]}) 17. Qxh7 Bb4+ 18. Nd2 {[%csl Re8,Rg8][%cal Ge2h5]} (18. Kd1 dxc4+ 19. Nd4 Rxg7 20. Rxg7 Kd8 $16) 18... Bxd2+ (18... Rxg7 19. Qxg7 Bxd2+ (19... Kd8 20. Rg6 Qe7 21. Qd4 $18 {[%csl Rd8,Rh2][%cal Gd4b6,Gg6b6]}) 20. Kxd2 dxc4+ 21. Kc3 Kd8 22. Rad1 $18) 19. Kxd2 dxc4+ 20. Kc3 {[%csl Rg8][%cal Ge2h5,Gh7g8]} Rf8 (20... Rxg7 21. Qh8+ $1 Qf8 22. Bh5+ {[%csl Re8,Rf8,Rg7][%cal Gg1g7,Gh8f8]} Rg6 23. Bxg6+ Ke7 24. Qe5+ Kd8 25. Qxh2 $18) 21. Qh5+ Kd8 22. Rg6 Qe7 23. Bxf8 Qxf8 24. Qg5+ {[%csl Rd8,Rf8][%cal Gg6g8]} Kc7 25. Qg3+ {[%csl Rc7,Rh2]} d6 26. Rd1 $18) 15. Nxb4 (15. Kd1 $2 exd5 16. Bxg7 (16. Qxf5 $2 Rf8 17. Qh5+ g6 18. Qxh7 Nxf3 19. Qxg6+ Kd8 $19) 16... dxc4 17. Bxh8 (17. Qxf5 $2 Nxf3 {[%csl Rd1][%cal Gc7d6]} 18. Bxf3 Bxf3+ 19. Qxf3 Qd6+ 20. Bd4 Nc6 $19) 17... Be4 18. Qxc4 Qxc4 19. Bxc4 Bxf3+ 20. Be2 Nc6 $15 21. Rg8+ $140 $6 Bf8 {[%cal Ge8f7]}) 15... Nxf3+ 16. Bxf3 Bxf3 17. Rxg7 {[%csl Rf6][%cal Gb2f6]} (17. Qc3 $143 Nc6 18. Rxg7 O-O-O 19. Nxa6 Qh2 {[%csl Re1]} 20. Rg3 Bh5 $13) 17... Nc6 (17... Rf8 18. Qc3 Qh2 (18... Nc6 $143 19. Ba3 $1 {[%csl Rf8][%cal Yb4c2,Yg7e7]} Ne5 20. Nc2 $18) 19. Qe5 Qxe5 20. Bxe5 $16) 18. Nxc6 Bxc6 (18... Qxc6 19. Bf6 {[%csl Re8][%cal Gc2c3,Gf6h4] /+-}) 19. Bf6 {[%csl Re8][%cal Gc2d1,Gd1h5] White has a very strong attack because Black's king didn't escape from the center.White threaten to transfer the queen to "f6" or to "h5". For example,if:} Rf8 {then:} 20. Qd1 $3 Rxf6 $140 21. Qh5+ Kd8 22. Rg8+ Ke7 23. Qxh7+ Rf7 (23... Kd6 24. Rd1+ Bd5 (24... Kc5 25. Qe7+ {[%csl Rc5,Rc7]}) 25. Rxa8 $18) 24. Qh4+ Kd6 25. O-O-O+ Bd5 26. Qf4+ Kc6 27. cxd5+ exd5 28. Qxc7+ Kxc7 29. Rxa8 $18) 13. Ng5 $1 {[%csl Rh2]} (13. Nxh2 $143 Qxh2 14. Rxg7 Nc6 15. Na4 (15. Ne4 $2 Bb4+ 16. Nd2 $15) 15... O-O-O (15... Bf8 $6 16. Rg3 {[%csl Rb6]} Bb4+ 17. Bc3 Bxc3+ 18. Qxc3 O-O-O 19. Nxb6+ Kc7 20. c5 $14) 16. Nxc5 bxc5 17. Bf3 $44 {[%cal Ge1c1,Ga1d1]}) 13... Nc6 ({Of course not:} 13... h6 $2 14. Nxf7 $1 {[%csl Re8][%cal Ge2h5] with decisive attack.}) (13... f5 14. O-O-O Nc6 15. Na4 {[%csl Re8,Rg7][%cal Ge2h5,Yb2g7]} Rg8 16. Nxc5 bxc5 17. Bh5+ g6 18. f4 {[%csl Rh2]} O-O-O (18... gxh5 $4 19. Nxe6 $18 {[%csl Rc7,Rg8]}) 19. Qxh2 gxh5 20. Bf6 Rde8 21. Qxh5 Kb8 22. Qxh7 $14) 14. O-O-O Ne5 $6 {[%cal Yh2f3] Black had a uneasy choice, and he did not manage to find the best continuation.} (14... f5 {transfers to 13...f5}) ({Deserves more attention:} 14... d5 $1 15. Bh5 {[%csl Rf7]} (15. cxd5 $143 Nb4 16. Qe4 O-O-O 17. Kb1 h6 18. Nxe6 $1 fxe6 19. Qxe6+ Qd7 20. Qxd7+ Rxd7 21. Rg2 {[%csl Rh2]} Nxd5 22. Nxd5 Bxd5 23. Rxh2 $13) 15... g6 {[%csl Rc1][%cal Gd5d4,Gc7f4]} 16. Nxd5 exd5 17. Bxh8 Nb4 $132) (14... Be7 $143 15. Nxf7 $1 Nb4 (15... Kxf7 $2 16. Nd5 $1 {[%csl Gb2,Rc7,Ye2,Rg7][%cal Gc2f5,Gg1g7,Ye2h5]} exd5 17. Bh5+ g6 18. Bxg6+ $18) 16. Qb1 Kxf7 17. Rxg7+ $3 {[%csl Gb2,Rc7]} Ke8 18. Rxh7 Rxh7 19. Qxh7 {[%csl Re8,Rh2][%cal Ge2h5]} d5 20. a3 Bd6 21. Qh6 $18 {[%csl Re6]}) (14... h6 $2 {is still losing because of:} 15. Nxf7 $1) 15. Nce4 $1 $16 {[%csl Gb2,Ye2,Ge4,Gg5,Rg7][%cal Gf2f4,Ye2h5] Black's position already very difficult.} O-O-O ({Not better is:} 15... h5 {[%cal Gh2g4]} 16. Nxc5 bxc5 17. f4 Nhg4 (17... Neg4 $144 18. Bxg7 Rg8 19. Qh7 {[%csl Rg8]}) 18. Bxg4 Nxg4 19. Bxg7 Rg8 20. Qh7 $16 {[%csl Rg8]}) ({or} 15... h6 $6 16. Nxc5 bxc5 17. Ne4 $16 {[%csl Rd6,Rg7][%cal Ge4d6,Gg1g7]} d5 $140 $2 18. Nxc5 {[%csl Re5][%cal Gc5b7]} Nhf3 (18... Qxc5 $2 19. Bxe5 dxc4 20. Bxh2 $18) 19. Bxf3 Nxf3 20. Nxe6 {[%csl Gb2,Gc2,Re8,Gg1][%cal Gg1g7]} fxe6 21. Rxg7 $18) 16. Nxc5 bxc5 (16... Qxc5 $2 17. Ne4 Bxe4 18. Qxe4 Nc6 19. Qh4 $18 {[%csl Rh2]}) 17. f4 $146 Nef3 (17... f6 $143 18. Ne4 Ng6 19. Rh1 {[%csl Ye2,Gh1,Rh2][%cal Gh1h2]} Nxf4 20. Nd6+ Kb8 21. Rxh2 $18) 18. Nxf7 Nxg1 (18... Rhg8 $2 {is refuted by:} 19. Nxd8 Nxg1 (19... Qxd8 20. Rg3 $18 {[%csl Rf3,Rh2]}) 20. Nxb7 Nxe2+ 21. Qxe2 Qxb7 22. Qxh2 $18) 19. Rxg1 Nf3 20. Rxg7 Rhg8 21. Nxd8 Qxd8 22. Bf6 $6 ({Looks more convincing:} 22. Qxh7 $142 {but Black still can defends with:} Rh8 $1 (22... Rxg7 $143 23. Qxg7 Bc6 24. Bc3 $16 {[%csl Rf3][%cal Ga2a3,Gb3b4,Gg7g4]}) 23. Qd3 {[%csl Rf3][%cal Gg7g3]} Rh1+ 24. Bd1 {[%csl Rc5][%cal Gd3d6]} Ne1 25. Qd6 Nd3+ $1 26. Qxd3 Bf3 27. Bf6 {[%csl Rd7,Yd8][%cal Gd3d7,Yd8d7,Gf6d8]} Qc7 28. Rg8+ Kb7 29. Be5 Qc6 30. Qg6 $1 {[%csl Rb7,Gg6,Gg8][%cal Gg6e8]} Rxd1+ 31. Kb2 Rd2+ 32. Ka3 Ka7 33. Qe8 {[%csl Ra7]} Qb7 34. Bc3 Rd3 35. Rg7 $1 Bc6 36. Ba5 $16 {[%csl Rc5][%cal Ge8f8]}) 22... Qf8 23. Qxh7 Rh8 $1 (23... Rxg7 $143 24. Bxg7 Qe8 25. Bc3 Kc7 {[%csl Yb7,Rf3][%cal Ye8a8]} 26. a3 {[%cal Gb3b4] /+-}) (23... Qxf6 $2 24. Rxg8+ Kc7 25. Qh8 $18) 24. Qg6 {[%csl Rc5][%cal Yf6e7]} Rh1+ 25. Kb2 Rg1 26. Bg5 Rxg5 $2 {Black throws the game just a few moves before it has been really started:} (26... Nh4 $1 27. Qh7 $140 Be4 $1 28. Rg8 Bxh7 29. Rxf8+ Kc7 {[%cal Gg1g2]} 30. Ka3 Bb1 $1 {[%csl Ra2][%cal Gg1g2]} 31. Bd8+ Kd6 32. Bxh4 Rg2 33. Re8 Rxe2 34. Be7+ Kc7 35. Bxc5 Rxa2+ 36. Kb4 {/}) 27. fxg5 $18 {The further resistance is senseless.} Ne5 28. Qf6 Qd6 29. Rg8+ Kc7 30. Kc3 1-0

[Event "85th Tata Steel Masters"]
[Site "Wijk aan Zee NED"]
[Date "2023.01.27"]
[Round "11.2"]
[White "Carlsen, M.."]
[Black "So, W.."]
[Result "1/2-1/2"]
[WhiteElo "2859"]
[BlackElo "2760"]
[PlyCount "115"]
[EventDate "2023.01.14"]

1. d4 Nf6 2. c4 e6 3. Nc3 Bb4 4. e3 c5 5. Nge2 d5 6. a3 Bxc3+ 7. Nxc3 cxd4 8. exd4 dxc4 9. Bxc4 Nc6 10. Be3 O-O 11. O-O b6 12. d5 exd5 13. Nxd5 Be6 14. Nxf6+ Qxf6 15. Bxe6 ({RR} 15. Rc1 Rfd8 16. Qa4 Ne5 17. Bxe6 Qxe6 18. Rfd1 Nd3 19. Rb1 h6 20. Rd2 Rd7 21. h3 Rad8 22. Qc2 Qe4 23. Rbd1 f5 24. g3 Rd6 25. Bf4 Rd5 26. Bc7 R8d7 27. Bb8 Kh7 28. Re2 Nb4 29. Rxd5 Qxc2 {Maghsoodloo,P (2699)-Chigaev,M (2631) Chess.com INT 2022 0-1 (71)}) 15... Qxe6 16. Rc1 ({RR} 16. Re1 Rfe8 17. h3 h6 18. Qa4 Ne5 19. Bd4 Qc4 20. Qxc4 Nxc4 21. Bc3 f6 22. Rad1 Rxe1+ 23. Rxe1 Kf7 24. Kf1 {½-½ (24) Wenninger,P (2340)-Schellenberg,S (2191) Schwaebisch Gmuend GER 2025}) 16... Rac8 $146 ({RR} 16... Ne7 17. Re1 Rfd8 18. Qa4 Qf6 19. b4 Nd5 20. h3 h6 21. Qa6 Qf5 22. Re2 Kh7 23. Rce1 Rd6 24. Bc1 Rg6 25. f3 Qxf3 26. Rf2 Qc3 27. Ref1 Ne3 28. Bxe3 Qxe3 29. Kh1 Qe4 30. Qe2 f5 31. Qf3 {Rubinstein,A-Ahues,C Liege 1930 0-1 (73)}) 17. Qa4 Na5 18. Qf4 Rxc1 19. Rxc1 Rc8 20. Rxc8+ Qxc8 21. h3 Nc6 22. a4 Qd7 23. Kh2 Qe7 24. Qf3 Qe8 25. b3 h6 26. Qd5 Qe6 27. Qxe6 fxe6 28. Kg3 Kf7 29. Kf4 e5+ 30. Kf5 h5 31. Bd2 g6+ 32. Ke4 Ke6 33. Bc3 a6 34. f3 b5 35. g3 b4 36. Be1 Nd4 37. Bxb4 Nxb3 38. a5 Nd4 39. Bc3 Nb3 40. Bb4 Nd4 41. g4 Ne2 42. Bd2 Ng1 43. h4 Ne2 44. Be1 Nc1 45. gxh5 gxh5 46. Bc3 Nb3 47. f4 Nc5+ 48. Ke3 Nd7 49. fxe5 Nxe5 50. Kf4 Ng6+ 51. Kg5 Nxh4 52. Kxh4 Kd5 53. Kxh5 Kc4 54. Bg7 Kb4 55. Bf6 Kxa5 56. Bd8+ Kb5 57. Kh6 a5 58. Bxa5 1/2-1/2